Welcome to CU Library Online Public Access Catalogue (OPAC)

Appliying E -commerce in business (Record no. 8672)

MARC details
000 -LEADER
fixed length control field 00354nam a2200157 4500
005 - DATE AND TIME OF LATEST TRANSACTION
control field 20260210120659.0
008 - FIXED-LENGTH DATA ELEMENTS--GENERAL INFORMATION
fixed length control field cuc123
020 ## - INTERNATIONAL STANDARD BOOK NUMBER
International Standard Book Number 9780761948759
050 ## - LIBRARY OF CONGRESS CALL NUMBER
Classification number HF 5548.32 TAS
Item number 1
100 ## - MAIN ENTRY--PERSONAL NAME
Personal name TASSABEHYJI, RANA
245 ## - TITLE STATEMENT
Title Appliying E -commerce in business
260 ## - PUBLICATION, DISTRIBUTION, ETC.
Place of publication, distribution, etc. London
Name of publisher, distributor, etc. SAGE
Date of publication, distribution, etc. 2003c
300 ## - PHYSICAL DESCRIPTION
Extent 325p
500 ## - GENERAL NOTE
General note pix
942 ## - ADDED ENTRY ELEMENTS (KOHA)
Source of classification or shelving scheme Library of Congress Classification
Koha item type Books
Suppress in OPAC No
999 ## -
-- 8672
-- 8672
Holdings
Withdrawn status Lost status Source of classification or shelving scheme Damaged status Not for loan Collection Home library Current library Shelving location Date acquired Total checkouts Full call number Barcode Date last seen Copy number Price effective from Koha item type Public note
    Library of Congress Classification     Non-fiction Graduate Library (Christ Temple) Graduate Library (Christ Temple) General stacks 02/10/2026   HF 5548.32 TAS GSCT00002055 02/10/2026 1 02/10/2026 Books EAQ
    Library of Congress Classification     Non-fiction Graduate Library (Christ Temple) Graduate Library (Christ Temple) General stacks 02/10/2026   HF 5548.32 TAS GSCT00002056 02/10/2026 2 02/10/2026 Books EAQ
    Library of Congress Classification     Non-fiction Graduate Library (Christ Temple) Graduate Library (Christ Temple) General stacks 02/10/2026   HF 5548.32 TAS GSCT00002057 02/10/2026 3 02/10/2026 Books EAQ
    Library of Congress Classification     Non-fiction Graduate Library (Christ Temple) Graduate Library (Christ Temple) General stacks 02/10/2026   HF 5548.32 TAS GSCT00002058 02/10/2026 4 02/10/2026 Books EAQ
© 2023-2024 Copyright: Central University Libraries. All Rights Reserved | Created by: Mahone Tech Office